000 00413nam a22001577a 4500
020 _a9789353573577
082 _a823
_bCHI/F
100 _aChitra Banerjee Divakaruni
245 _aThe forest of enchantments/
_cby Chitra Banerjee Divakaruni
260 _aHaryana:
_bHarperCollins,
_c2019.
300 _a359p.
650 _aNovel English
650 _aLiterature English
650 _aLiterature
942 _cBK
999 _c181314
_d181314